000 00327nas a2200145 a 4500
001 69475
003 143348
005 20201118110647.0
008 ||||||n9999 ||| || ||
245 0 _aEdiciones Laborales - No.305,296
260 _c1987.
562 _e0
773 _069471
_aEdiciones Laborales
942 _cSISS
999 _c69475
_d69475